01634nam a22001577a 450000500170000000800420001702000180005905000150007724501200009225000120021226000340022430000320025850000210029050511430031170000220145420220211161342.0220211b ||||| |||| 00| 0 eng d\ a9781317227984 aHV6441.H57 aHistorical perspectives on organised crime and terrorismcJohn F Morrison; Aaron Winter; Andrew Silke; James Windle a1st ed. aNew York bRoutledge,c 2018. axii, 220 p.:bills.c23 cm. aIncludes: index. aContents: Introduction: Hawking the historical method in organised crime and terrorism studies / James Windle, John F. Morrison, Aaron Winter and Andrew Silke. Organised crime -- "A citadel of crime" : Saint Paul, Minnesota, and the O'Connor system / James A. Densley -- The causes of traditional organized crime : comparing Chicago and New York / Robert M Lombardo -- The French connection : a brief critical history / Ryan Gingeras -- "He just wasn't the bloke i used to know" : social capital and the fragmentation of a British organised crime network / James Windle -- Terrorism -- 1975 : the truce that changed the troubles / John F. Morrison -- The Klan is history : a historical perspective on the revival of the far-right in "post-racial" America / Aaron Winter --aritime predation : traditional piracy or a new form of terrorism? / Anamika Twyman-Ghoshal -- Narcoterrorism in Colombia / Francis Gaffney -- Empire, war, decolonization and the birth of the illicit opium trade in Burma, 1800-1961 / John Collins -- Jamaat-al-Muslimeen : the blurred lines between organised crime and terrorism in Trinidad and Tobago / Andrew Silke. a John F Morrison;